000 01245nam a2200229Ia 4500
001 L232-6564
003 IT-CnALBA
008 170116s9999||||xx |||||||||||||| ||und||
040 _aIT-CnALBA
_cIT-CnALBA
041 _aITALIANO
100 _aBOLO ENRICO, ABATE.
245 0 _aLA TRAGEDIA DEL CALVARIO - SCENE DELLA PASSIONE.
250 _a2a ed.
260 _aNAPOLI
_bRONDINELLA E LOFFREDO EDITORI
_c1911 [1° Ed.:1906 - Ed.Ling.Originale: 1906]
300 _a230 p. (prefazione: 5)
500 _aMEDITAZIONI SU GESÙ. TRADUZIONE DI PRINCIPE ANGELO RAFFAELE. L'ULTIMA CENA. GESÙ VITTIMA. L'AGONIA DEL GETSEMANI. IL PROCESSO RELIGIOSO E CIVILE DI GESÙ. GIUDA. PONZIO PILATO. ERODE. BARABBA. LA FLAGELLAZIONE. LE PIE DONNE. GESÙ IN CROCE. I DUE LADRONI. L
501 _aSocietà San Paolo EM - Piazza San Paolo, 14 - 12051 ALBA (CN) (non commercial uses only) ® Copyright 2017
520 _aMEDITAZIONI SU GESÙ. TRADUZIONE DI PRINCIPE ANGELO RAFFAELE. L'ULTIMA CENA. GESÙ VITTIMA. L'AGONIA DEL GETSEMANI. IL PROCESSO RELIGIOSO E CIVILE DI GESÙ. GIUDA. PONZIO PILATO. ERODE. BARABBA. LA FLAGELLAZIONE. LE PIE DONNE. GESÙ IN CROCE. I DUE LADRONI. L
650 _aVITA E MISTERO DI CRISTO
942 _cBK
957 _71
999 _a7540
_bSI
_g Copie: 1
_c265746
_d265746